Countries With Wild Bison - Statistics

General Stats
  • This quiz has been taken 250 times
  • The average score is 11 of 18
Answer Stats
Country % Correct
United States
98%
Canada
96%
Mexico
89%
China
76%
India
68%
Poland
66%
Ukraine
66%
Belarus
65%
Laos
56%
Vietnam
56%
Cambodia
55%
Nepal
55%
Thailand
55%
Myanmar
54%
Bhutan
53%
Bangladesh
50%
Malaysia
49%
Slovakia
42%
No matching quizzes found
Score Distribution
Percent of People with Each Score
Percentile by Number Answered
Your Score History
You have not taken this quiz